000 01825nam a2200553 i 4500
001 5159
003 KOSZ 005
005 20200423074326.0
008 981118s1985 pl |000 0 pol
015 _aUWD 1985/643
020 _a8301052201
035 _a991008088239705066
035 _a(PL-WaBN)b12081802-48omnis_nlop
035 _ab12081802
035 _a(OCoLC)835909240
035 _a(PL)b0000001208180
035 _a(EXLNZ-48OMNIS_NETWORK)9910375682205606
040 _aWA N
_cWA N
_dKOSZ 005/AR
041 0 _apol
044 _apl
046 _k1985
080 _a342.9
080 _a351.82
080 _a(438)
080 _a"19"
080 _a(075)
100 1 _aWłodyka, Stanisław
_d(1924-2014)
_eAutor
245 1 0 _aArbitraż gospodarczy /
_cStanisław Włodyka.
250 _aLiteratura i orzecznictwo na koniec 1981, ustawodawstwo według stanu prawnego na dzień 31.12.1983.
260 _aWarszawa :
_bPaństwowe Wydawnictwo Naukowe,
_c1985.
300 _a372, [3] strony ;
_c21 cm.
336 _aTekst
_btxt
_2rdacontent
337 _aBez urządzenia pośredniczącego
_bn
_2rdamedia
338 _aWolumin
_bnc
_2rdacarrier
380 _aKsiążki
380 _aPublikacje fachowe
388 _a1901-2000
388 _a1945-1989
504 _a Bibliografia i źródła normatywne przy rozdziałach.
650 7 _aArbitraż gospodarczy
_2DBN
650 7 _aPrawo administracyjne
655 _aPodręczniki akademickie
658 _aGospodarka, ekonomia, finanse
658 _aPolityka, politologia, administracja publiczna
710 _aPaństwowe Wydawnictwo Naukowe
856 _uhttp://koha.tu.koszalin.pl/cgi-bin/koha/opac-detail.pl?biblionumber=5159
_yKatalog online BPK
942 _2UKD
_cKS
999 _c5159
_d5159